The one minute manager / (Record no. 340)

MARC details
000 -LEADER
fixed length control field 00664naa a2200217 4500
005 - DATE AND TIME OF LATEST TRANSACTION
control field 20260322212016.0
008 - FIXED-LENGTH DATA ELEMENTS--GENERAL INFORMATION
fixed length control field data
020 ## - INTERNATIONAL STANDARD BOOK NUMBER
International Standard Book Number 0688014291
020 ## - INTERNATIONAL STANDARD BOOK NUMBER
International Standard Book Number 9780688014292
092 ## - LOCALLY ASSIGNED DEWEY CALL NUMBER (OCLC)
Classification number 658 B527 1982
001 - CONTROL NUMBER
control field data
100 1# - MAIN ENTRY--PERSONAL NAME
Personal name Blanchard, Kenneth H.
245 14 - TITLE STATEMENT
Title The one minute manager /
Statement of responsibility, etc. Kenneth H. Blanchard & Spencer Johnson.
250 ## - EDITION STATEMENT
Edition statement 1st Morrow ed.
260 ## - PUBLICATION, DISTRIBUTION, ETC.
Place of publication, distribution, etc. New York :
Name of publisher, distributor, etc. Morrow,
Date of publication, distribution, etc. 1982.
300 ## - PHYSICAL DESCRIPTION
Extent 111 p. : ill. ; 22 cm.
350 ## - PRICE (NR) (BK AM CF MU VM SE) [OBSOLETE]
Price 15
500 ## - GENERAL NOTE
General note Reprint. Originally published: 2nd ed. La Jolla, CA : Blanchard-Johnson, 1981.;;Continued by: Putting the one minute manager to work.
650 #4 - SUBJECT ADDED ENTRY--TOPICAL TERM
Topical term or geographic name entry element MANAGEMENT
700 1# - ADDED ENTRY--PERSONAL NAME
Personal name Johnson, Spencer.
Holdings
Withdrawn status Lost status Damaged status Not for loan Home library Current library Shelving location Date acquired Total checkouts Full call number Barcode Date last seen Price effective from Koha item type
        Franklin Franklin General stacks 22/03/2026   GEN BC0010350 22/03/2026 22/03/2026 Books